Understanding basic mechanic : text /
This book is divided into three parts: Description of particle motions; Motion and interaction of particles; and Motion and interaction of systems.
Salvato in:
| Autore principale: | |
|---|---|
| Natura: | Libro |
| Lingua: | English |
| Pubblicazione: |
New York :
John Wiley and Sons,
1995.
|
| Soggetti: | |
| Tags: |
Aggiungi Tag
Nessun Tag, puoi essere il primo ad aggiungerne! !
|
| Thư viện lưu trữ: | Mạng thư viện Đại học Đà Nẵng |
|---|
| LEADER | 01242cam a2200361 i 4500 | ||
|---|---|---|---|
| 001 | 000049069 | ||
| 003 | 8797 | ||
| 005 | 20180115145222.0 | ||
| 008 | 010324b1995 vm 000 eng | ||
| 020 | |a 0471103373 | ||
| 040 | |a LRCC |c LRCC |d LRCC | ||
| 041 | 0 | |a eng | |
| 082 | 1 | 4 | |a 620.1 |b RE-F |
| 100 | 1 | |a Reif, F. |q (Frederick), |d 1927- | |
| 245 | 0 | 0 | |a Understanding basic mechanic : |b text / |c Frederick Reif. |
| 260 | |a New York : |b John Wiley and Sons, |c 1995. | ||
| 300 | |a 263 p. ; |c 28cm. | ||
| 520 | 3 | |a This book is divided into three parts: Description of particle motions; Motion and interaction of particles; and Motion and interaction of systems. | |
| 630 | 0 | 4 | |a Mechanics. |
| 630 | 0 | 4 | |a Applied. |
| 650 | 0 | 4 | |a Mechanics, Applied. |
| OWN | |a DUT | ||
| AVA | |a UDN50 |b DUT |c Book |d 620.1 RE-F |e available |t Error 5001 Not defined in file expand_doc_bib_avail. |f 1 |g 0 |h N |i 0 |j SH |k 1 | ||
| 999 | |a From the UDN01 | ||
| AVA | |a UDN50 |b DUT |c Book |d 620.1 RE-F |e available |t Error 5001 Not defined in file expand_doc_bib_avail. |f 1 |g 0 |h N |i 0 |j SH |k 1 | ||
| TYP | |a Monograph | ||
| TYP | |a Printed language | ||
| 980 | |a Mạng thư viện Đại học Đà Nẵng | ||


